Winning moves : the body language of selling /

Bibliographic Details
Main Author: DELMAR, Ken
Format: Book
Published: New York: Wanner Books, 1984.
Subjects:
LEADER 00682cam a2200241 7i4500
001 0000054414
005 20151104090000.0
005 ##20151104173000.0
002 ##000001363
003 ##MY-KlINT
008 151104 00010 eng
020 # # |a 1446329975  
039 # 9 |y 201511041730  |z VLOAD 
090 0 0 |a 153.6 DEL  
100 1 # |a DELMAR, Ken 
245 0 0 |a Winning moves :   |b the body language of selling /   |c Ken Delmar. 
260 # # |a New York:   |b Wanner Books,   |c 1984. 
300 # # |a 299p; 17cm. 
650 # 0 |a Body language  
996 |a ikwas2000.out 
997 |a 3000016943  |b IKWS  |c MNF  |d BOK 
998 |a 0000001343 
999 |a 3000016943  |b BOOK  |c Main Non-Fiction  |e INTAN Kampus Wilayah Selatan